Aplikácia sorpčných materiálov pri likvidácii ropných havárií

Salvato in:
Dettagli Bibliografici
Autore principale: Štefánik, Martin (Autore)
Altri autori: Balog, Karol (Relatore della tesi)
Natura: Manoscritto Libro
Lingua:slovacco
Pubblicazione: 2016
Soggetti:
Accesso online:http://is.stuba.sk/zp/portal_zp.pl?podrobnosti=132048
Tags: Aggiungi Tag
Nessun Tag, puoi essere il primo ad aggiungerne!!

MARC

LEADER 00000ntm a22000003a 4500
001 stuzp57776
003 SK-STU
005 20160719155347.0
007 ta
008 150427s2015----xo-----f-mn---000-0-slo-d
040 |a STU  |b slo 
041 0 |a slo 
100 1 |a Štefánik, Martin  |u 065000  |4 aut  |U MTF Materiálovotechnologická fakulta  |T MTF Ústav integrovanej bezpečnosti  |X 71693  |U M5000  |Y 85  |7 71693 
242 0 1 |a Application of sorption materials in liquidation of oil accidents  |y eng 
245 1 0 |a Aplikácia sorpčných materiálov pri likvidácii ropných havárií 
260 |c 2016 
650 4 |a sypané sorpčné prostriedky  |2 slo 
650 4 |a olejová havária  |2 slo 
650 4 |a sorpčný materiál  |2 slo 
650 4 |a bulk sorption agents  |2 eng 
650 4 |a oil accident  |2 eng 
650 4 |a sorbent material  |2 eng 
700 1 |a Balog, Karol  |u 065000  |k Z1  |4 ths  |U MTF Materiálovotechnologická fakulta  |T MTF Ústav integrovanej bezpečnosti  |X 243  |U M5000  |Y 85  |7 A000000243 
856 4 |u http://is.stuba.sk/zp/portal_zp.pl?podrobnosti=132048 
996 |c M* BP-7523  |l MMSKP  |s P  |a 0  |w stuzp57776_0001 
SQL |a stuzp57776  |b DBP  |c SLO  |d Aplikácia sorpčných materiálov pri likvidácii ropných havárií  |e 71693  |f Štefánik, Martin  |g 065000  |h 243  |i Balog, Karol  |j 20160621  |k 1486  |l 06  |m http://is.stuba.sk/zp/portal_zp.pl?podrobnosti=132048  |n B-IBE  |o 8.3.5. bezpečnosť a ochrana zdravia pri práci